000 00766nam a22001337a 4500
040 _cRUA
082 _aAGR CHO 2015 B433 Or.1
100 _aCHOUN CHAMNAB,ជួន ចំណាប់
245 _acomparison of differrent type of organic fertilizers on pak choi (brassica chinensis) at crop research station at royal university of agriculture ,ការប្រៀបធៀបប្រភេទជីសរីរាង្គខុសៗគ្នាទៅលើដំណាំស្ពៃតឿនៅស្ថានីយ៍ពិសោធន៍ដំណាំនៃសាកលវិទ្យាល័យភូមិន្ទកសិកម្ម
260 _aRUA
_bphnom penh
_c2015
300 _ax;34p;
_bill;
_c29cm;
856 _u CHOUN CHAMNAB
942 _cAGR
999 _c19249
_d19249